000 00352 a2200145 4500
001 155360
040 _cEscola São Tomás de Aquino
100 _aSOUZA, André dos Santos Baldraia
240 1 0 _aSer protagonista box
_lpor
245 1 0 _aSer protagonista box
300 _a200
362 0 _a2014
697 _aGEOGRAFIA GERAL / VIAGENS
942 _cBK
999 _c155360
_d155360